Statistics for Famous Irish Americans

Click here to take the quiz!

General Stats

  • This quiz has been taken 52 times
  • The average score is 12 of 15

Answer Stats

HintAnswer% Correct
Current U.S. presidentJoe Biden
100%
'I have a dream'Martin Luther King Jr.
100%
President before TrumpBarack Obama
98%
President shot in DallasJohn F. Kennedy
98%
Stepped on the moonNeil Armstrong
92%
Han SoloHarrison Ford
88%
Created a famous mouseWalt Disney
88%
Float like a butterfly, Sting like a beeMuhammad Ali
84%
Resevoir dogs, Pulp Fiction, Etc.Quentin Tarantino
80%
Psycho, Vertigo, The birds, etc.Alfred Hitchcock
78%
Smells like teen spiritKurt Cobain
76%
The Great Gatsby AuthorF. Scott Fitzgerald
73%
'Queen of Christmas'Mariah Carey
49%
Infamous Southern outlaw of new MexicoBilly the Kid
47%
I'm the bad guyBillie Eilish
31%

Score Distribution

Percentile by Number Answered

Percent of People with Each Score

Your Score History

You have not taken this quiz